LEADER 01624nam 2200469 450 001 9910459808103321 005 20200520144314.0 010 $a1-77212-026-X 035 $a(CKB)3710000000331081 035 $a(MiAaPQ)EBC4827343 035 $a(MiAaPQ)EBC3296213 035 $a(Au-PeEL)EBL4827343 035 $a(CaPaEBR)ebr11371672 035 $a(OCoLC)983744810 035 $a(EXLCZ)993710000000331081 100 $a20170425h20142014 uy 0 101 0 $aeng 135 $aurcnu|||||||| 181 $2rdacontent 182 $2rdamedia 183 $2rdacarrier 200 00$aRegenerations $eCanadian women's writing = Re?ge?ne?rations : e?criture des femmes au Canada /$fMarie Carrie?re & Patricia Demers, editors/directrices 210 1$aEdmonton, Alberta :$cThe University of Alberta Press,$d2014. 210 4$d©2014 215 $a1 online resource (201 pages) 311 $a0-88864-627-5 320 $aIncludes bibliographical references at the end of each chapters. 606 $aCanadian literature$xWomen authors$xHistory and criticism 606 $aFrench-Canadian literature$xWomen authors$xHistory and criticism 608 $aElectronic books. 615 0$aCanadian literature$xWomen authors$xHistory and criticism. 615 0$aFrench-Canadian literature$xWomen authors$xHistory and criticism. 676 $a810.9/9287 702 $aCarrie?re$b Marie J.$f1971- 702 $aDemers$b Patricia$f1946- 801 0$bMiAaPQ 801 1$bMiAaPQ 801 2$bMiAaPQ 906 $aBOOK 912 $a9910459808103321 996 $aRegenerations$92138936 997 $aUNINA LEADER 01158nam0 22002891i 450 001 UON00052312 005 20231205102231.416 010 $a34-470-3612-5 100 $a20020107d1996 |0itac50 ba 101 $ager 102 $aDE 105 $a|||| 1|||| 200 1 $aˆA ‰structural grammar of Babylonian$fGiorgio Buccellati 210 $aWiesbaden$cHarrassowitz$d1996 215 $aXXXIV, 512 p.$d23 cm 316 $afatt. M 325031 del 31.1.01$5IT-UONSI MESIIB/020 N 606 $aFILOLOGIA ASSIRO-BABILONESE$xSTUDI GRAMMATICALI$3UONC013850$2FI 620 $aDE$dWiesbaden$3UONL003153 686 $aMES II B$cMESOPOTAMIA - LINGUISTICA - GRAMMATICHE$2A 700 1$aBUCCELLATI$bGiorgio$3UONV002011$0489944 712 $aHarrassowitz$3UONV245869$4650 801 $aIT$bSOL$c20240220$gRICA 899 $aSIBA - SISTEMA BIBLIOTECARIO DI ATENEO$2UONSI 912 $aUON00052312 950 $aSIBA - SISTEMA BIBLIOTECARIO DI ATENEO$dSI MES II B 020 N $eSI SA 95340 5 020 N fatt. M 325031 del 31.1.01 996 $aStructural grammar of Babylonian$91145575 997 $aUNIOR